A - Z British Films - 1960's - Statistics

General Stats
  • This quiz has been taken 73 times
  • The average score is 13 of 25
Answer Stats
Clue Answer % Correct
O Musical based on a Dickens novel Oliver!
95%
A Michael Caine is a womanizing cockney chauffeur Alfie
92%
Z Epic historical drama depicting the 1879 Battle Of Rorke's Drift. Featured Michael Caine in his first major role. Zulu
81%
B Joy and George Adamson raise Elsa the lioness Born Free
80%
K A boy, a falcon, a malevolent games master... Kes
78%
D Kubrick's dark political satire. President Merkin Muffley and others, are in a race to prevent a nuclear bomb being dropped on the USSR Dr Strangelove or: How I Learned to Stop Worrying and Love the Bomb
76%
F Starring Sean Connery, the follow up to Dr. No From Russia With Love
66%
P Maggie Smith won an Oscar for her portrayal of a teacher at an all girls school in Edinburgh. The Prime Of Miss Jean Brodie
66%
Y British comedy musical starring Cliff Richard. Title later used for an anarchic 80's sitcom. The Young Ones
64%
L Based on the autobiographical 'Seven Pillars Of Wisdom', this movie won best film Oscar in 1963 Lawrence Of Arabia
58%
G Romantic comedy set in "swinging London" Theme song was a hit for The Seekers Georgy Girl
54%
C "Infamy, infamy. They've all got it in for me!" Carry on Cleo
53%
M Historical drama portraying the final years of Thomas More. A Man For All Seasons
49%
I Lindsay Anderson's satire of English public school life If
46%
W World War ll action movie. MI6 officers assemble a commando team for a dangerous mission behind enemy lines. Richard Burton and Clint Eastwood star. Where Eagles Dare
46%
E Lawrence Olivier plays Archie Rice, a fading music hall act The Entertainer
41%
Q Science fiction story from Hammer Films. A five million year old skeleton, and a mysterious object are dug up in London Underground. Could the human race be descended from Martians... Quatermass and the Pit
32%
R Graham Merrill and his pet otter move from London to a cottage on the Scottish coast. Ring Of Bright Water
32%
S In the week Arthur Seaton is a machinist at the Raleigh factory. At the weekend he's a womanizing hard drinker out for a good time... Saturday Night and Sunday Morning
32%
U Kitchen sink drama based on Nell Dunn's book of the same title. Features Dennis Waterman, Adrienne Posta and Suzy Kendall Up The Junction
29%
V Sci-Fi movie based on John Wyndham's 'The Midwich Cuckoos' Village of the Damned
29%
T Rugby League film drama starring Richard Harris. This Sporting Life
24%
N Hammer Horror psychological drama starring Bette Davis. Ten year old Joey returns to the family home with "an intense dislike of middle aged women" The Nanny
19%
H Boulting Brothers comedy starring Peter Sellers as a vicar in the prosperous town of Orbiston Parva Heavens Above!
15%
J Black and white crime drama set in Brighton. Jack Warner is the senior detective when a woman with the initials C.S. is murdered Jigsaw
8%
No matching quizzes found
Score Distribution
Percent of People with Each Score
Percentile by Number Answered
Your Score History
You have not taken this quiz